Going soft (Record no. 64700)

MARC details
000 -LEADER
fixed length control field 00787cam a2200217 4500
001 - CONTROL NUMBER
control field ABS62871
008 - FIXED-LENGTH DATA ELEMENTS--GENERAL INFORMATION
fixed length control field 000000n2000 000 0 eng u
035 ## - SYSTEM CONTROL NUMBER
System control number (Sirsi) u108367
100 ## - MAIN ENTRY--PERSONAL NAME
Personal name Weller, D.
245 ## - TITLE STATEMENT
Title Going soft
260 ## - PUBLICATION, DISTRIBUTION, ETC.
Date of publication, distribution, etc. 2000
490 ## - SERIES STATEMENT
Series statement Premises and Facilities Management
Volume/sequential designation September 2000, 23-24(2)
520 ## - SUMMARY, ETC.
Summary, etc. Explains why the ability to offer 'soft' facilities management can provide a competitive advantage when negotiating with prospective clients. Soft facilities management includes cleaning, reception and grounds maintenance.
590 ## - LOCAL NOTE (RLIN)
Local note ABS
650 ## - SUBJECT ADDED ENTRY--TOPICAL TERM
Topical term or geographic name entry element FACILITIES MANAGEMENT
9 (RLIN) 6240
650 ## - SUBJECT ADDED ENTRY--TOPICAL TERM
Topical term or geographic name entry element SOFT FACILITIES MANAGEMENT
650 ## - SUBJECT ADDED ENTRY--TOPICAL TERM
Topical term or geographic name entry element OUTSOURCING
650 ## - SUBJECT ADDED ENTRY--TOPICAL TERM
Topical term or geographic name entry element CONTRACT WORKERS
690 ## - LOCAL SUBJECT ADDED ENTRY--TOPICAL TERM (OCLC, RLIN)
Topical term or geographic name as entry element MANAGEMENT-FACILITIES MANAGEMENT
942 ## - ADDED ENTRY ELEMENTS (KOHA)
Suppress in OPAC 0
Holdings
Withdrawn status Lost status Source of classification or shelving scheme Damaged status Not for loan Home library Current library Shelving location Date acquired Total Checkouts Full call number Barcode Date last seen Copy number Price effective from Koha item type
    Dewey Decimal Classification     London London Journal article 15/09/2000   ABS62871 108367-1001 06/08/2019 1 06/08/2019 Journal article